| 000 | 00522cam a22001691i 4500 | ||
|---|---|---|---|
| 020 | _a2259002153 | ||
| 040 | _cMnNC | ||
| 082 | _a338 PLO 1961 A065 Co. | ||
| 100 | 1 | _aDumont, René, | |
| 245 | 1 | 0 |
_aTerres vivantes : _bvoyages d'un agronome autour du monde / |
| 260 |
_a[Paris] : _bPlon _c[1961] |
||
| 300 |
_a334 p. : _bill., maps. ; _c20 cm. |
||
| 490 | 0 | _aTerre humaine ; civilisations et sociétés. Collection d'études et de témoignages | |
| 650 | 0 | _aAgriculture | |
| 650 | 0 | _aAgriculture and state. | |
| 942 | _cFB | ||
| 999 |
_c14181 _d14181 |
||